Bilder nach Buchstabe - S #2 - Statistiken

Allgemein
  • Dieses Quiz wurde 114 mal gespielt
  • Das Durchschnittsergebnis liegt bei 6 aus 16
Antwortstatistiken
Bildquiz Antwort % Korrekt
Sahara
93%
Saphir
62%
Schwertfisch
61%
Sachertorte
60%
Silberrücken
52%
Singapur
49%
Schwefel
38%
Subway
36%
Sixtinische Kapelle
29%
Sinner
28%
Spree
18%
Sardinien
17%
Sisyphos
15%
Samt
12%
Septum
6%
Stradivari
3%
Keine übereinstimmenden Quizze gefunden
Verteilung der Resultate
Anzahl Personen mit jedem Resultat
Perzentil nach korrekt beantworteten Fragen
Ihre Resultats-Entwicklung
Sie haben dieses Quiz noch nicht gespielt